000 01197nam a22002657a 4500
003 AM-YeHGA
040 _aAM-YeHGA
090 _c433296
005 20250617155332.0
008 190426s2018 ai a|||frcf|||000|0|arm||
020 _a9789939702568
041 0 _aarm
245 0 0 _aԴեկորատիվ կիրառական արվեստ ։
_bԴասագիրք /
_cԼ․ Մնեյան, Վ․ Դադոյան, Բ․ Հարությունյան, Վ․ Ղազարյան ; Կազմողներ՝ Ս․ Մարտիրոսյան, Դ․ Դավթյան ; [Լուսանկարները՝ Լ․ Ազիզյան]․
260 _aԵրևան ։
_bՎան Արյան,
_c2018.
300 _a80 էջ ։
_bնկարներ ;
_c29 սմ․
650 1 4 _aԴեկորատիվ կիրառական արվեստ
_vԴասագրքեր
700 1 _aՄնեյան, Լալա
700 1 _aԴադոյան, Վանո
700 1 _aՀարությունյան, Բարսեղ
700 1 _aՂազարյան, Վարդանուշ
700 1 _aՄարտիրոսյան, Սամվել
_eկազմ․
_4com
700 1 _aԴավթյան, Դավիթ
_eկազմ․
_4com
700 1 _aԱզիզյան, Լուսինե
_eլուսանկ․
_4pht
942 _2udc
_cBK
999 _c430737
_d430737